Salsa y Puré - ¡Muerte Súbita! - Estadísticas

Estadísticas generales
  • Esta prueba ha sido intentada 36 veces
  • La puntuación promedio es 6 de 16
Answers on the Grid
Answers color-coded by a green-red scale on the quiz's grid according to % correct below.
Chimichurri
Tzatziki
Bajan pepper sauce
Tkemali
Romesco
Marinara
Bābā ġanūsh
Tamagoyaki
Balut
Tourtière
Katsu-sando
Polvorón
French dip / Beef dip
Bhajji / Bajji
Brési
Mostaza de Dijon
Pesto
Crab dip
Ssamjang
Bordelesa
Shio-dare
Nam chim kai
Hummus
Bearnesa
Fanourópita
Poc chuc
Hoshi-imo
Churro
 
Estadísticas de respuestas
Respuesta % Correcto
Pesto
82%
Hummus
79%
Mostaza de Dijon
71%
Chimichurri
68%
Romesco
68%
Marinara
57%
Bajan pepper sauce
54%
Tzatziki
43%
Bearnesa
29%
Bordelesa
18%
Bābā ġanūsh
11%
Crab dip
11%
Nam chim kai
11%
Shio-dare
4%
Tkemali
4%
Ssamjang
0%
No se encontraron pruebas coincidentes
Distribución de puntuación
Porcentaje de gente con cada puntuación
Porcentaje por número respondido
Historial de tus puntuaciones
No has intentado esta prueba.